Extended Urbanisation. Tracing Planetary Struggles.
Na minha lista:
| Outros Autores: | , |
|---|---|
| Formato: | Desconhecido |
| Idioma: | inglês |
| Publicado em: |
Basel, Switzerland:
Birkhauser,
2023.
|
| Assuntos: | |
| Tags: |
Adicionar Tag
Sem tags, seja o primeiro a adicionar uma tag!
|
MARC
| LEADER | 00000 a2200000 4500 | ||
|---|---|---|---|
| 003 | CL-VaPUC | ||
| 005 | 20250327114126.0 | ||
| 008 | 250106t2023 ||||| |||| 00| 0 eng d | ||
| 999 | |c 445574 |d 445572 | ||
| 020 | |a 978-3-0356-2297-3 | ||
| 040 | |c Pontificia Universidad Católica de Valparaíso | ||
| 082 | |2 22 |a 711.42 SCH 2023 | ||
| 100 | |a Schmid, Christian |9 893520 |e editor | ||
| 245 | |a Extended Urbanisation. |b Tracing Planetary Struggles. | ||
| 260 | |a Basel, Switzerland: |b Birkhauser, |c 2023. | ||
| 300 | |a 399 páginas : |b ilustraciones. | ||
| 583 | |k Yessy Díaz Vidal |c 20250106 | ||
| 650 | 0 | |9 265706 |a Urbanización |x Crisis climática |x Rural y urbano | |
| 650 | 0 | |a Diseño urbano |x Calentamiento global |z Amazonia Oriental, Estados Unidos, etc. |9 895073 | |
| 700 | |a Topalovic, Milica |e editor |9 895072 | ||
| 942 | |2 ddc |c BK | ||
| 952 | |0 0 |1 0 |2 ddc |4 0 |6 711_420000000000000_SCH_2023 |7 0 |8 A |9 598829 |a BIBARQ |b BIBARQ |d 2025-01-03 |e 3 |g 65739.00 |i 5663775 |o 711.42 SCH 2023 |p 5663775 |r 2025-01-03 |t 1 |v 65739.00 |w 2025-01-03 |y BK |k MAD | ||